00955nam a22002177a 4500999001900000005001700019010001500036020002700051035001400078037001400092082001400106100002000120245023000140260003100370270008600401300002500487500005100512700001800563942002800581952012800609 c159328d15932820181214122130.0 aENG-124530 a9789386515483c2995.00 aEN-108062 bDBAD/PUB. a346.54078 aMakhija, Ashish aInsolvency and bankruptcy code of india:cby Ashish Makhija; foreward by Vibhu Bakhruba commentary on inslovency resolution, liquidations,bankruptcy of corporate persons, individuals, sole proprietorship & partnership firms/ aGurgaonbLexis Nexisc2018 bGurgaone122002a14th Floor, Building No. 10, Tower-B, DLF Cyber City, Phase-II,  aciv,2074pc25cm.(Hb) aIt includes appendix 1 to 17 and subject index aBakhru, Vibhu 2ddccENh346.54078mMAK 001040718NFICaDBADbBNd2018-12-14eDBAD/PUBg2995.00l0o346.54078 MAKpEN-108062r2018-12-14 00:00:00t1v2995.00yEN